Countries A-Z with the Most Internet Users - Statistics

General Stats
  • This quiz has been taken 77 times
  • The average score is 21 of 24
Answer Stats
Letter Internet users Country % Correct
C 1,102,140,000 China
99%
R 129,800,000 Russia
97%
U 311,300,000 United States
97%
Y 7,548,512 Yemen
97%
F 59,470,000 France
96%
J 117,400,000 Japan
96%
O 3,717,818 Oman
96%
Z 4,760,715 Zambia
96%
B 165,300,000 Brazil
95%
I 881,250,000 India
95%
G 77,794,405 Germany
93%
Q 2,532,059 Qatar
93%
V 68,172,134 Vietnam
85%
H 7,461,297 Hungary
84%
M 96,800,000 Mexico
84%
N 136,203,231 Nigeria
84%
K 13,913,699 Kazakhstan
81%
A 40,024,673 Argentina
80%
T 74,278,491 Turkey
80%
E 80,750,000 Egypt
76%
S 49,421,08 South Korea
76%
P 170,000,000 Pakistan
75%
D 28,310,000 Democratic Republic of the Congo
73%
L 4,755,187 Lebanon
64%
No matching quizzes found
Score Distribution
Percent of People with Each Score
Percentile by Number Answered
Your Score History
You have not taken this quiz